| 000 | 00940nam2a22002411 4500 | ||
|---|---|---|---|
| 001 | RU\NLR\INFOCOMM16\1000028987 | ||
| 005 | 20250617144152.0 | ||
| 035 | _a(NLR Aleph) 002717095 | ||
| 090 |
_a1836808 _c1836808 |
||
| 100 | _a20040218d2000 |||y0rusy50 ca | ||
| 101 | 0 | _arus | |
| 102 | _aRU | ||
| 105 | _ay ||||||||| | ||
| 200 | 0 | _a2000, №2[1] | |
| 210 |
_d2000 _aБ. м. |
||
| 461 | 0 |
_1001RU\NLR\INFOCOMM16\1000028984 _12001#$aДети фельдмаршала$eЖурн. стратег. оценок рос. политики$fИзд. дом. "Новая Россия"$v2000, №2[1] _91836779 _cМ. _d2000- _fИзд. дом. "Новая Россия" _nБ. и. _oЖурн. стратег. оценок рос. политики _tДети фельдмаршала _v2000, №2[1] |
|
| 801 | 1 |
_aRU _bInfoComm _c20040218 |
|
| 801 | 0 |
_aRU _bNLR _gPSBO |
|
| 852 |
_aNLR _jП23/4793 |
||
| 942 | _cISSUE | ||
| 980 | _aNB | ||
| 980 | _aRUSPER | ||